| 000 | 00637cam a22002293a 4500 | ||
|---|---|---|---|
| 001 | 151 | ||
| 003 | PGUSA | ||
| 005 | 20140828082944.0 | ||
| 008 | 060311s2006||||xxu|||||s|||||000 p eng d | ||
| 040 |
_aPGUSA _beng |
||
| 042 | _adc | ||
| 050 | 4 | _aPR | |
| 100 | 1 |
_aColeridge, Samuel Taylor, _d1772-1834 |
|
| 245 | 1 | 4 |
_aThe Rime of the Ancient Mariner _h[electronic resource] / _cSamuel Taylor Coleridge |
| 260 |
_bProject Gutenberg, _c2006 |
||
| 506 | _aPublic domain in the USA. | ||
| 516 | _aElectronic text | ||
| 653 | _aPoetry | ||
| 830 | 0 |
_aProject Gutenberg _v151 |
|
| 856 | 4 | 0 | _uhttp://www.gutenberg.org/ebooks/151 |
| 942 | _cEB | ||
| 999 |
_c229522 _d229522 |
||